| 000 | 00727nas a22002057a 4500 | ||
|---|---|---|---|
| 999 |
_c1157 _d1157 |
||
| 008 | 130219t20039999bl ||||| |||| 00| 0 eng d | ||
| 022 | _a0102-9010 | ||
| 245 | _aBrazilian Journal of Morphological Sciences | ||
| 260 |
_aSao Paulo: _bBrazilian Society of Anatomy and Pan-American Association of Anatomy, _c2003 |
||
| 300 | _av. : | ||
| 310 | _acuatrimestral | ||
| 546 | _ainglés | ||
| 590 | _aExistencias: 2003 20(2,3); 2004 21(2,3); 2005 22(1,2); 2006 23(2-4) Del año 2003 al 2006 en BAJA DEPÓSITO. | ||
| 590 | _aIndexada en: LILACS, IMLA | ||
| 650 |
_aANATOMIA _91888 |
||
| 650 |
_aMORFOLOGIA _91889 |
||
| 650 |
_aDISCIPLINAS DE LAS CIENCIAS BIOLOGICAS _91890 |
||
| 856 | _uhttp://www.jms.org.br/ | ||
| 942 |
_2ddc _cCR |
||